| 000 | 00991cam a2200313 i 4500 | ||
|---|---|---|---|
| 003 | EG-GICUC | ||
| 005 | 20260308105403.0 | ||
| 008 | 260308s2009 mnu fr 001 0 eng d | ||
| 020 | _a9780314194206 | ||
| 040 |
_aDLC _cDLC _beng _dEG-GiCUC _erda |
||
| 043 | _an-us--- | ||
| 082 | 0 | 4 |
_221 _a343.1 |
| 092 | 0 | 4 | _221 |
| 099 | _aLaw 10 2009 | ||
| 245 | 0 | 0 |
_aTeacher manual to Criminal law : _bcases, materials & problems / _cby Russell L. Weaver ... [et al.]. |
| 250 | _a3rd edition. | ||
| 264 |
_aSt. Paul, MN : _bThomson/West, _c2009. |
||
| 300 |
_a536 page ; _c26 cm. |
||
| 336 |
_atext _2rdacontent |
||
| 337 |
_aComputer _2rdamedia |
||
| 338 |
_aOnline Resource _2rdacarrier |
||
| 490 | 0 | _aAmerican casebook series | |
| 650 | 0 |
_aCriminal law _zUnited States _vCases. |
|
| 650 | 0 |
_aCriminal procedure _zUnited States _vCases. |
|
| 700 | 1 |
_aWeaver, Russell L., _d1952- |
|
| 856 | 4 | 0 | _uhttps://fll.law.cu.edu.eg/fulltext/bks/ENGB10-00167.pdf |
| 905 | _a10 | ||
| 942 |
_2ddc _cBK _e21 _n0 |
||
| 999 |
_c65821 _d65821 |
||